| 000 | 01017nam a22002417a 4500 | ||
|---|---|---|---|
| 001 | 00005628 | ||
| 003 | DO-SdBNP | ||
| 005 | 20180313093532.0 | ||
| 007 | 00005628 | ||
| 008 | 160404b 2011 dr 00| 0 spa d | ||
| 040 |
_6BPMSU _8spa _aBPMSU _cdr |
||
| 100 | _4Montes de Oca y Boyer, Aleyda | ||
| 245 |
_aCaligrafía dominicana en script no. 1/ _cAleyda Montes de Ocay Boyer , Ysabel Ernestina Pacheco Tavárez ; dibujo Katja Karina Féliz Montes de Oca, Ayeska Carolina Féliz Montes de Oca, |
||
| 260 |
_aSanto Domingo : _b(ITESA) _c2011. |
||
| 300 |
_a83 p. ; _bil., _c28 cm. |
||
| 500 | _aAprovado por la Secretaría de Estado de Educación. Mediante los siguientes oficios no.359, 360 y 361 17/12/91 | ||
| 700 |
_4Féliz Montes de Oca,,Katja Karina _edibujo |
||
| 700 | _4Pacheco Tavárez, Ysabel Ernestina | ||
| 700 |
_aFéliz Montes de Oca, Ayeska Carolina _edibujo |
||
| 710 | _4Instituto Tenológico Saleciano (República Dominicana) | ||
| 942 |
_2ddc _cBK |
||
| 956 |
_2VMATEO _310 _620160404 _8BPMSU _a0069 |
||
| 999 |
_c9520 _d9520 |
||